000 01063nam a22002657a 4500
003 OSt
005 20250517133911.0
008 241118b |||||||| |||| 00| 0 eng d
040 _c0
082 _aDPer 647.94068 In821 August-October 2019
100 _aVos, Martijn C.
_eauthor.
_964260
245 _aMeasuring perceived cleanliness on service environments :
_bscale development and validation /
_cMartijn C. Vos, Mirjam Galetzka, Mark P. Mobach, Mark Van Hagen, Ad T.H. Pruyn.
260 _aAmsterdam ;
_bElsevier,
_cOctober 2019.
300 _aVolume 66, pages 11-18,
_billustration.
500 _aInternational Journal of Hospitality Management, v. 81, pages 11-18, August 2019.
650 0 _aCleanliness.
_966812
650 0 _aPerceptions.
_966813
650 0 _aScale development.
_966814
700 _aVos, Martijn C.
_eauthor.
_964260
700 _aGaletzka, Mirjam.
_eauthor.
_966808
700 _aMobach, Mark P.
_eauthor.
_966809
700 _aHagen, Mark Van.
_eauthor.
_966810
700 _aPruyn, Ad T.H.
_eauthor.
_966811
942 _2ddc
_cPER
999 _c23221
_d23221